Nhi khoa y học cổ truyền

שמור ב:
מידע ביבליוגרפי
מחבר ראשי: Trần Thúy
פורמט: ספר
שפה:Undetermined
יצא לאור: H. Y Học 2002
נושאים:
תגים: הוספת תג
אין תגיות, היה/י הראשונ/ה לתייג את הרשומה!
Thư viện lưu trữ: Trung tâm Học liệu Trường Đại học Cần Thơ
LEADER 00536nam a2200181Ia 4500
001 CTU_52387
008 210402s9999 xx 000 0 und d
020 |b 9000 
082 |a 615.882 
082 |b Th523 
100 |a Trần Thúy 
245 0 |a Nhi khoa y học cổ truyền 
245 0 |c Trần Thúy và Đặng Minh Hằng 
260 |a H. 
260 |b Y Học 
260 |c 2002 
650 |a folk medicine - formulae, receipts, prescriptions,pediatrics 
980 |a Trung tâm Học liệu Trường Đại học Cần Thơ